UM Logo

Philippine eagles in Singapore, still adjusting to environment / (Record no. 17682)

MARC details
000 -LEADER
fixed length control field 00389nam a22001217a 4500
008 - FIXED-LENGTH DATA ELEMENTS--GENERAL INFORMATION
fixed length control field 221205b ||||| |||| 00| 0 eng d
100 ## - MAIN ENTRY--PERSONAL NAME
Personal name Llemit, Ralph Lawrence G.
9 (RLIN) 46942
245 ## - TITLE STATEMENT
Title Philippine eagles in Singapore, still adjusting to environment /
260 ## - PUBLICATION, DISTRIBUTION, ETC. (IMPRINT)
Place of publication, distribution, etc. Philippines;
Name of publisher, distributor, etc. SunStar,
Date of publication, distribution, etc. March 2, 2020.
300 ## - PHYSICAL DESCRIPTION
Extent page 5.
650 ## - SUBJECT ADDED ENTRY--TOPICAL TERM
Topical term or geographic name as entry element Wildlife Conservation.
9 (RLIN) 46943
942 ## - ADDED ENTRY ELEMENTS (KOHA)
Source of classification or shelving scheme Dewey Decimal Classification
Koha item type Periodicals
Holdings
Withdrawn status Lost status Source of classification or shelving scheme Damaged status Not for loan Home library Current library Date acquired Total Checkouts Date last seen Price effective from Koha item type Public note
    Dewey Decimal Classification     UM Digos College - LIC UM Digos College - LIC 12/05/2022   12/05/2022 12/05/2022 Periodicals News paper clippings